[Event "GER-ch Net qual2 U18"]
[Site "Playchess.com INT"]
[Date "2012.09.05"]
[Round "1"]
[White "Neef, Maximilian"]
[Black "Von Malottki, Robin"]
[Result "1-0"]
[WhiteElo "2265"]
[BlackElo "1944"]
[PlyCount "101"]
[EventDate "2012.09.05"]
[EventType "swiss (blitz)"]
[EventRounds "7"]
[EventCountry "GER"]
[SourceTitle "CBM 150 Extra"]
[Source "ChessBase"]
[SourceDate "2012.10.19"]
[SourceVersion "1"]
[SourceVersionDate "2012.10.19"]
[SourceQuality "1"]

1. Nf3 e6 2. g3 d5 3. Bg2 Nf6 4. 0-0 c5 5. d3 Nc6 6. Nbd2 d4 7. a4 a6 8. Nc4 Rb8 9. a5 Be7 10. Bf4 Ra8 11. Nb6 Ra7 12. Nd2 0-0 13. Ndc4 Nd5 14. Bd2 Qc7 15. Nxd5 exd5 16. Bxd5 Rd8 17. Bg2 Be6 18. b3 Raa8 19. Bf4 Qd7 20. Nb6 Qe8 21. Nxa8 Rxa8 22. Bd2 f6 23. Re1 Ne5 24. e3 Rd8 25. exd4 Rxd4 26. Bc3 Rd7 27. Bxe5 fxe5 28. Ra4 Qf7 29. Rxe5 Bf6 30. Re2 Bd4 31. Qd2 Bg4 32. Re4 h5 33. c3 Qxb3 34. Rc4 Bf6 35. Re8+ Kf7 36. Ree4 Qb1+ 37. Re1 Qb5 38. Qe3 Re7 39. Bd5+ Kf8 40. Qd2 Qxa5 41. Rxe7 Bxe7 42. Qf4+ Bf6 43. Qb8+ Bd8 44. Rf4+ Ke8 45. Qd6 Be7 46. Bf7+ Kf8 47. Bxh5+ Kg8 48. Qd5+ Kh8 49. Bxg4 Qxc3 50. Qh5+ Kg8 51. Be6# 1-0

[Event "GER-ch Net qual2 U18"]
[Site "Playchess.com INT"]
[Date "2012.09.05"]
[Round "3"]
[White "Von Malottki, Robin"]
[Black "Florstedt, Johannes"]
[Result "0-1"]
[WhiteElo "1942"]
[BlackElo "1904"]
[PlyCount "75"]
[EventDate "2012.09.05"]
[EventType "swiss (blitz)"]
[EventRounds "7"]
[EventCountry "GER"]
[SourceTitle "CBM 150 Extra"]
[Source "ChessBase"]
[SourceDate "2012.10.19"]
[SourceVersion "1"]
[SourceVersionDate "2012.10.19"]
[SourceQuality "1"]

1. Nf3 g6 2. g3 c5 3. Bg2 Bg7 4. 0-0 Nc6 5. d3 e6 6. Nbd2 Nge7 7. e4 d6 8. c3 0-0 9. a3 Rb8 10. a4 b6 11. Nc4 Ba6 12. Nfd2 d5 13. exd5 exd5 14. Ne3 Bxd3 15. Re1 Ba6 16. Nb1 d4 17. cxd4 cxd4 18. Ng4 Nb4 19. Bg5 f6 20. Nh6+ Kh8 21. Bf4 Rc8 22. Qb3 Ned5 23. Bd2 Bc4 24. Qf3 Nc2 25. Na3 Nxe1 26. Rxe1 Ne3 27. Nxc4 Rxc4 28. Bxe3 dxe3 29. Qxe3 Qd4 30. b3 Qxe3 31. fxe3 Rb4 32. Ng4 Rxg4 33. e4 Re8 34. Kf2 Rg5 35. h4 Rc5 36. Re2 f5 37. exf5 Rxe2+ 38. Kxe2 0-1

[Event "GER-ch Net qual1 U18"]
[Site "Playchess.com INT"]
[Date "2012.09.01"]
[Round "2"]
[White "Neef, Maximilian"]
[Black "Von Malottki, Robin"]
[Result "1-0"]
[WhiteElo "2265"]
[BlackElo "1893"]
[PlyCount "75"]
[EventDate "2012.09.01"]
[EventType "swiss (blitz)"]
[EventRounds "7"]
[EventCountry "GER"]
[SourceTitle "CBM 150 Extra"]
[Source "ChessBase"]
[SourceDate "2012.10.19"]
[SourceVersion "1"]
[SourceVersionDate "2012.10.19"]
[SourceQuality "1"]

1. Nf3 Nf6 2. g3 g6 3. Bg2 Bg7 4. 0-0 0-0 5. d4 d5 6. c4 c6 7. b3 Ne4 8. Bb2 Nd7 9. Nbd2 Ndf6 10. Ne5 Nxd2 11. Qxd2 Be6 12. Rac1 Ne4 13. Qe3 Nd6 14. Rfd1 Nf5 15. Qd2 Bh6 16. e3 f6 17. Nd3 Bf7 18. Qe2 Nd6 19. cxd5 cxd5 20. Rc2 Qa5 21. Bc3 Qb6 22. Qe1 Rac8 23. Rdc1 Rc7 24. Ba5 Qa6 25. Bxc7 Qxd3 26. Bxd6 exd6 27. Rc7 Qa6 28. a4 Qb6 29. b4 Re8 30. b5 f5 31. Qb4 a5 32. Qb3 g5 33. Bxd5 Bxd5 34. Qxd5+ Kh8 35. Qxf5 Bg7 36. Qxg5 Rg8 37. Rxg7 Rxg7 38. Rc8+ 1-0

[Event "GER-ch Net qual1 U18"]
[Site "Playchess.com INT"]
[Date "2012.09.01"]
[Round "5"]
[White "Osmanodja, Filiz"]
[Black "Von Malottki, Robin"]
[Result "1-0"]
[WhiteElo "1862"]
[BlackElo "1893"]
[PlyCount "59"]
[EventDate "2012.09.01"]
[EventType "swiss (blitz)"]
[EventRounds "7"]
[EventCountry "GER"]
[SourceTitle "CBM 150 Extra"]
[Source "ChessBase"]
[SourceDate "2012.10.19"]
[SourceVersion "1"]
[SourceVersionDate "2012.10.19"]
[SourceQuality "1"]

1. e4 c5 2. Nf3 d6 3. d4 cxd4 4. Nxd4 Nf6 5. Nc3 a6 6. Be3 e6 7. Be2 Nbd7 8. f4 Qc7 9. 0-0 b5 10. a3 Bb7 11. Bd3 Nc5 12. Qf3 Be7 13. Rae1 h5 14. Kh1 h4 15. h3 Nh5 16. Bf2 0-0-0 17. Nb3 Nxd3 18. cxd3 d5 19. Rc1 dxe4 20. Nxe4 Bc6 21. Rxc6 Qxc6 22. Rc1 Qxc1+ 23. Nxc1 Kb8 24. Qe3 Rd7 25. Qb6+ Rb7 26. Qxa6 Rc8 27. Nb3 Nxf4 28. Na5 Rbc7 29. Nc6+ Rxc6 30. Qa7# 1-0

[Event "GER-ch Net qual1 U18"]
[Site "Playchess.com INT"]
[Date "2012.09.01"]
[Round "7"]
[White "Von Malottki, Robin"]
[Black "Nahnsen, Kenneth"]
[Result "1/2-1/2"]
[WhiteElo "1893"]
[BlackElo "1486"]
[PlyCount "119"]
[EventDate "2012.09.01"]
[EventType "swiss (blitz)"]
[EventRounds "7"]
[EventCountry "GER"]
[SourceTitle "CBM 150 Extra"]
[Source "ChessBase"]
[SourceDate "2012.10.19"]
[SourceVersion "1"]
[SourceVersionDate "2012.10.19"]
[SourceQuality "1"]

1. Nf3 Nf6 2. c4 c5 3. g3 Nc6 4. Bg2 g6 5. 0-0 Bg7 6. Na3 0-0 7. Nc2 e6 8. a3 d5 9. cxd5 Nxd5 10. Rb1 a6 11. b4 cxb4 12. axb4 b5 13. e4 Nb6 14. d4 Nc4 15. d5 N6e5 16. Nxe5 Bxe5 17. f4 Bg7 18. Kh1 exd5 19. exd5 Bb7 20. Ne3 Nxe3 21. Bxe3 Re8 22. Bc5 Qd7 23. d6 Bxg2+ 24. Kxg2 Qc6+ 25. Qf3 Qxf3+ 26. Rxf3 Rad8 27. Ra1 Ra8 28. Rfa3 Bxa1 29. Rxa1 Red8 30. Rd1 Rd7 31. Bb6 f5 32. Bc7 Kf7 33. Re1 Re8 34. Ra1 Ra8 35. Re1 h6 36. h3 g5 37. fxg5 hxg5 38. Kf3 Kf6 39. Re2 Rh8 40. Kg2 Kf7 41. Rf2 Kg6 42. Re2 Kf7 43. Kf3 Re8 44. Rd2 Kf6 45. Rd5 Re5 46. Rd3 g4+ 47. hxg4 fxg4+ 48. Kxg4 Re4+ 49. Kf3 Rxb4 50. Ra3 Ra4 51. Re3 b4 52. Rd3 Ra3 53. Ke4 Rxd3 54. Kxd3 Kg5 55. Kc4 Kg4 56. Kxb4 Kxg3 57. Ka5 Kf4 58. Kxa6 Ke5 59. Kb6 Rxd6+ 60. Bxd6+ 1/2-1/2

[Event "GER-ch Net qual3 U18"]
[Site "Playchess.com INT"]
[Date "2011.05.08"]
[Round "2"]
[White "Von Malottki, Robin"]
[Black "Mundorf, Johannes"]
[Result "1-0"]
[WhiteElo "1714"]
[BlackElo "1982"]
[PlyCount "105"]
[EventDate "2011.05.08"]
[EventType "swiss (blitz)"]
[EventRounds "7"]
[EventCountry "GER"]
[SourceTitle "CBM 142 Extra"]
[Source "ChessBase"]
[SourceDate "2011.06.27"]
[SourceVersion "1"]
[SourceVersionDate "2011.06.27"]
[SourceQuality "1"]

1. e4 e6 2. d4 d5 3. Nc3 Nc6 4. Nf3 Nf6 5. Bg5 Bb4 6. e5 h6 7. Bd2 Ne4 8. Nxe4 dxe4 9. Bxb4 exf3 10. Bc3 fxg2 11. Bxg2 Qg5 12. Rg1 Qh4 13. h3 Bd7 14. Qd2 0-0-0 15. 0-0-0 f6 16. f4 fxe5 17. fxe5 Be8 18. Qe3 Rf8 19. d5 exd5 20. Bxd5 Qe7 21. e6 g5 22. h4 Rf5 23. Bxc6 Bxc6 24. Qxa7 b6 25. Rxd8+ Qxd8 26. hxg5 Rxg5 27. Re1 Qe7 28. Qa6+ Bb7 29. Qf1 Bd5 30. Bf6 Qe8 31. Bxg5 hxg5 32. e7 g4 33. Qf8 Kd7 34. Qf5+ Kc6 35. Qxg4 Kb7 36. Qf5 Bc6 37. Qf8 Kc8 38. Rd1 Kb7 39. Rd8 Qh5 40. e8Q Bxe8 41. Qxe8 Qg5+ 42. Rd2 Qg1+ 43. Rd1 Qg5+ 44. Kb1 Qa5 45. Qe4+ Ka6 46. Qa8+ Kb5 47. Rd5+ c5 48. Qxa5+ bxa5 49. a3 Ka4 50. b3+ Kxa3 51. Rxc5 Kb4 52. Rc4+ Ka3 53. Ra4# 1-0

[Event "GER-ch Net qual3 U18"]
[Site "Playchess.com INT"]
[Date "2011.05.08"]
[Round "5"]
[White "Yankelevich, Lev"]
[Black "Von Malottki, Robin"]
[Result "1-0"]
[WhiteElo "2068"]
[BlackElo "1714"]
[PlyCount "113"]
[EventDate "2011.05.08"]
[EventType "swiss (blitz)"]
[EventRounds "7"]
[EventCountry "GER"]
[SourceTitle "CBM 142 Extra"]
[Source "ChessBase"]
[SourceDate "2011.06.27"]
[SourceVersion "1"]
[SourceVersionDate "2011.06.27"]
[SourceQuality "1"]

1. Nc3 c6 2. Nf3 d5 3. g3 Nf6 4. d4 Bf5 5. Bg2 h6 6. 0-0 e6 7. Nh4 Bh7 8. Re1 Nbd7 9. e4 dxe4 10. Nxe4 Be7 11. Nxf6+ Bxf6 12. Nf3 0-0 13. c3 Qc7 14. Bf4 Qb6 15. Qb3 Rfe8 16. Ne5 Nxe5 17. Bxe5 Bxe5 18. Rxe5 Qxb3 19. axb3 a5 20. Rexa5 Rxa5 21. Rxa5 Kf8 22. Ra7 Rb8 23. h3 Ke7 24. b4 Kd6 25. b5 cxb5 26. Rxb7 Rxb7 27. Bxb7 e5 28. dxe5+ Kxe5 29. f4+ Kd6 30. Kf2 Kc5 31. Ke3 Kc4 32. g4 Kb3 33. Bd5+ Kxb2 34. Kd4 f6 35. Bc6 g5 36. f5 Bg8 37. Bxb5 Kb3 38. Bc6 Kc2 39. Bd5 Bh7 40. c4 h5 41. c5 hxg4 42. hxg4 Kd2 43. c6 Ke2 44. c7 Kf1 45. c8Q Kf2 46. Qh8 Kg3 47. Qxh7 Kxg4 48. Qg6 Kf4 49. Qxf6 g4 50. Bg8 g3 51. Qg6 Kf3 52. Qxg3+ Kxg3 53. f6 Kf4 54. f7 Kg5 55. f8Q Kg6 56. Qc5 Kg7 57. Bd5 1-0

[Event "Harburg-chH 8th"]
[Site "Hamburg"]
[Date "2010.08.20"]
[Round "1"]
[White "Schoppe, Gottfried"]
[Black "Von Malottki, Robin"]
[Result "0-1"]
[WhiteElo "1517"]
[BlackElo "1426"]
[PlyCount "78"]
[EventDate "2010.08.20"]
[EventType "tourn"]
[EventRounds "5"]
[EventCountry "GER"]
[SourceTitle "EXT 2012"]
[Source "ChessBase"]
[SourceDate "2011.11.24"]
[SourceVersion "1"]
[SourceVersionDate "2011.11.24"]
[SourceQuality "1"]

1. c4 f5 2. d4 Nf6 3. Nc3 e6 4. Bg5 Be7 5. Nf3 0-0 6. Qc2 h6 7. Bf4 d5 8. c5 c6 9. Ne5 Nbd7 10. Ng6 Re8 11. 0-0-0 Kf7 12. Ne5+ Nxe5 13. dxe5 Ng4 14. e4 Bxc5 15. exd5 exd5 16. Nxd5 Nxf2 17. Bc4 Be6 18. Nf6 Nxd1 19. Rxd1 gxf6 20. Rxd8 Raxd8 21. Bxe6+ Kxe6 22. Qxc5 Rd5 23. Qxa7 fxe5 24. Bxh6 Red8 25. Kc2 R8d7 26. Qb6 f4 27. Qb3 Kf6 28. Qb4 Ke6 29. Bxf4 exf4 30. Qxf4 Rc5+ 31. Kb3 Rd3+ 32. Ka4 Rcd5 33. Qh6+ Kd7 34. a3 Kc7 35. Qg7+ Kb6 36. Qf6 Ka6 37. Kb4 R5d4+ 38. Kc5 b6+ 39. Kxc6 Rc4# 0-1